Petitions, Letters, Wills, and Receipts
| Titel: | Petitions, Letters, Wills, and Receipts : a First Road Map to The King’s Russian-Writing Subjects in Swedish Ingria, 1617-1656 / Alexander I. Pereswetoff-Morath |
|---|---|
| Verfasser: | |
| Beteiligt: | |
| In: |
Sweden, Russia, and the 1617 Peace of Stolbovo, (2023), Seite 235-285 alle Artikel anzeigen |
| Veröffentlicht: | 2023 |
| Umfang: | Illustrationen, Diagramme |
| Format: | Aufsatz |
| Sprache: | Englisch |
X
alg: 51673044 001A $03025:28-03-24 001B $03025:28-03-24 $t18:55:39.000 001D $03025:28-03-24 001U $0utf8 001X $00 002@ $0Aou 002C $aText $btxt $2rdacontent 002D $aohne Hilfsmittel zu benutzen $bn $2rdamedia 002E $aBand $bnc $2rdacarrier 003@ $0516730444 010@ $aeng 010E $erda 011@ $a2023 $n2023 021A $aPetitions, Letters, Wills, and Receipts $da First Road Map to The King’s Russian-Writing Subjects in Swedish Ingria, 1617-1656 $hAlexander I. Pereswetoff-Morath 028A $BVerfasser $#Peresvetov-Murat, A. I. $4aut $71158711697 $8Pereswetoff-Morath, Alexander Iwan$Z1969- [Tp3] $9430488904 028C $BWidmungsempfänger $#Durovic, Lubomiro $#Ďurovič, L'ubomir $4dte $7129710385 $8Ďurovič, Ľubomír$Z1925-2022 [Tp1] $9126070555 031A $g51 $h235-285 $j2023 034M $aIllustrationen, Diagramme 039B $aEnthalten in $8--Aau--. Sweden, Russia, and the 1617 Peace of Stolbovo. - Turnhout, Belgium : Brepols, [2023]. - 396 Seiten. - Illustrationen, Diagramme, Karten. - ISBN 978-2-503-60100-7 $x202300000000000765 $9515786535 044K $#Ivangorod $74579356-6 $8Iwangorod [Tg1] $9090864557 044K $#Narwa $#Narwa $#Narvskaja Gorodskaja Uprava $#Gorodskaja Uprava Narva $74102367-5 $8Narva [Tg1] $9085298328 044K $#Sverigg $#Sweden $#Suède $#Konungariket Sverige $#Švecija $#Königreich Schweden $#Suecia $#Svezia $#Sverige $#Zviedrija $#Zweden $#Szwecja $#Kingdom of Sweden $74077258-5 $8Schweden [Tgz] $9085218812 044K $#Petitions $#Pétitions $#Petizioni $#Petition $#Bittschrift $#Eingabe Petition $#Bittgesuch $#Petitionen $74137338-8 $8Petition [Ts1] $9085514373 044K $RRussisch $74142091-3 $8Altrussisch [Ts1] $9085552437 044K $RSchriftsprache $RKommunikation $RSchriftlichkeit $#Written communication $#Communication écrite $#Comunicazione scritta $#Schreiben $#Schreiben Kommunikation $#Schrift Kommunikation $74294535-5 $8Schriftliche Kommunikation [Ts1] $9086602632 044K $RReformation $#Church history 17th century $#Église 17e siècle $#Histoire religieuse Europe 16e siècle $#Historia eclesiástica S.XVII $74136343-7 $8Konfessionalisierung [Ts1] $9085506656 044K $#self management $#Selbstverwaltung $#Selbstverwaltung $#Autonomie Recht $#Selbstverwaltungsrecht $#Selbstverwaltungsgarantie $74054442-4 $8Selbstverwaltung [Ts1] $9085151424 045F $a417.709479809032 $eDDC23BSB 045F/01 $a417.7 045F/03 $f09032 045F/03 $g4798 045F/03 $g48 045R $aGeschichte 1617-1656 lok: 51673044 78 exp: 51673044 78 1 #EPN 201B/01 $028-03-24 $t18:52:10.000 201C/01 $028-03-24 201U/01 $0utf8 203@/01 $01259690954 208@/01 $a28-03-24 $be 209A/01 $a/ $f000 $x00 209A/01 $ab*p $x01 220C/01 $akoe 247C/01 $82080>Marburg/Lahn, Herder-Institut, Forschungsbibliothek, Bibliographieportal $9336309341
| LEADER | 00000naa a2200000 c 4500 | ||
|---|---|---|---|
| 001 | 516730444 | ||
| 003 | DE-603 | ||
| 005 | 20240328185539.0 | ||
| 007 | tu | ||
| 008 | 240328s2023 xx |||| | u00||u|eng c | ||
| 035 | |a (DE-599)HEB516730444 | ||
| 040 | |a DE-603 |b ger |c DE-603 |d DE-603 |e rda | ||
| 041 | |a eng | ||
| 082 | 0 | 4 | |8 1\u |a 417.709479809032 |q DE-101 |2 23/BSB |
| 085 | |8 1\u |b 417.7 | ||
| 085 | |8 1\u |z 1 |s 09032 | ||
| 085 | |8 1\u |z 2 |s 4798 | ||
| 085 | |8 1\u |z 2 |s 48 | ||
| 100 | 1 | |a Pereswetoff-Morath, Alexander Iwan |d 1969- |e Verfasser |4 aut |0 (DE-603)430488904 |0 (DE-588)1158711697 |2 gnd | |
| 245 | 0 | 0 | |a Petitions, Letters, Wills, and Receipts |b a First Road Map to The King’s Russian-Writing Subjects in Swedish Ingria, 1617-1656 |c Alexander I. Pereswetoff-Morath |
| 264 | 0 | |c 2023 | |
| 300 | |b Illustrationen, Diagramme | ||
| 336 | |a Text |b txt |2 rdacontent | ||
| 337 | |a ohne Hilfsmittel zu benutzen |b n |2 rdamedia | ||
| 338 | |a Band |b nc |2 rdacarrier | ||
| 648 | 7 | |a Geschichte 1617-1656 |2 gnd | |
| 650 | 7 | |a Petition |0 (DE-588)4137338-8 |0 (DE-603)085514373 |2 gnd | |
| 650 | 7 | |a Altrussisch |0 (DE-588)4142091-3 |0 (DE-603)085552437 |2 gnd | |
| 650 | 7 | |a Schriftliche Kommunikation |0 (DE-588)4294535-5 |0 (DE-603)086602632 |2 gnd | |
| 650 | 7 | |a Konfessionalisierung |0 (DE-588)4136343-7 |0 (DE-603)085506656 |2 gnd | |
| 650 | 7 | |a Selbstverwaltung |0 (DE-588)4054442-4 |0 (DE-603)085151424 |2 gnd | |
| 651 | 7 | |a Iwangorod |0 (DE-588)4579356-6 |0 (DE-603)090864557 |2 gnd | |
| 651 | 7 | |a Narva |0 (DE-588)4102367-5 |0 (DE-603)085298328 |2 gnd | |
| 651 | 7 | |a Schweden |0 (DE-588)4077258-5 |0 (DE-603)085218812 |2 gnd | |
| 700 | 1 | |a Ďurovič, Ľubomír |d 1925-2022 |e Widmungsempfänger |4 dte |0 (DE-603)126070555 |0 (DE-588)129710385 |2 gnd | |
| 773 | 0 | 8 | |i Enthalten in |t Sweden, Russia, and the 1617 Peace of Stolbovo |d Turnhout, Belgium : Brepols, [2023] |h 396 Seiten, Illustrationen, Diagramme, Karten |z 9782503601007 |g (2023), Seite 235-285 |w (DE-603)515786535 |
| 924 | 0 | |9 2080 |a (DE-603)1259690954 |b DE-2080 |c HES |d d |g / | |


